| 000 | 00658nam a2200229Ia 4500 | ||
|---|---|---|---|
| 003 | BUBTL | ||
| 008 | 151213s9999 xx 000 0 und d | ||
| 020 | _a0-256-18876-9 | ||
| 082 | _a658.049/H55i | ||
| 100 |
_aHill, Charles W.L. _93807 |
||
| 245 |
_aInternational Business Competing in the Global market place _cCharles W.L.Hill |
||
| 250 | _a2nd | ||
| 260 |
_aBoston _bIrwin _cc1997 |
||
| 300 |
_a[xx] , 630p . : _bill . ; 27cm. |
||
| 500 | _aIncludes Index | ||
| 650 |
_aBusiness _93808 |
||
| 650 |
_aManagement _93809 |
||
| 700 |
_aCharles W. L. Hill _93810 |
||
| 856 |
_k0 _l0 _yDownload |
||
| 942 |
_2ddc _cBK |
||
| 999 |
_c1763 _d1763 |
||